| 000 | 00790nam a22002177a 4500 | ||
|---|---|---|---|
| 005 | 20120110140338.0 | ||
| 010 | _aB-444549 | ||
| 020 |
_a9780448450124 _c99.00 |
||
| 035 | _aB-444549 | ||
| 037 |
_bBlue Berry/Ven _aDPL |
||
| 082 | _aS | ||
| 100 |
_aKirk, David _939149 |
||
| 245 |
_a Miss spider's sunny patch friends: _cby David Kirk _bCa[tain sunny patch / |
||
| 260 |
_aNew York _bCallaway _c2008 |
||
| 270 |
_a345 Hudson Street _bNew York _e10014 |
||
| 300 |
_a32p. _c19cm. |
||
| 700 | _935775 | ||
| 942 |
_2ddc _cCH _mKIR _hS |
||
| 999 |
_c60612 _d60612 |
||